| 000 | 01834nam2a22002531 4500 | ||
|---|---|---|---|
| 001 | v19\rc\1826290 | ||
| 005 | 20250620085844.0 | ||
| 035 | _a(NLR Aleph) 005253925 | ||
| 090 |
_a5832238 _c5832238 |
||
| 100 | _a20071224d1907 |||y0rusy50 ca | ||
| 101 | 1 |
_arus _ceng |
|
| 102 | _aRU | ||
| 105 | _ay z ||||| | ||
| 200 | 0 | _aВып. 2 | |
| 210 |
_aНарва _cтип. Ф.Ф. Гнивковского _d1907 |
||
| 215 | _a[4], 105-227 с. | ||
| 461 | 0 |
_1001v19\rc\1826288 _12001#$aГражданин и его отношение к государству$eКн., напис. американцем, чтобы побудить своих сограждан внимательнее относиться к своему участию в делах государства$fН. Соузгет Шэлер, проф. геологии в Гарвард. ун-те и декан Лауренцев. науч. шк.$gПер. с англ. под ред. [и с предисл.] В.В. Лермантова, прив.-доц. Спб. унив. Вып. [1]-2$vВып. 2 _95832222 _aШейлер, Н.С. (1841-1906) _cНарва _d1907 _fН. Соузгет Шэлер, проф. геологии в Гарвард. ун-те и декан Лауренцев. науч. шк. _nтип. Ф.Ф. Гнивковского _oКн., напис. американцем, чтобы побудить своих сограждан внимательнее относиться к своему участию в делах государства _p2 т. _tГражданин и его отношение к государству _vВып. 2 |
|
| 801 | 0 |
_aRU _bNLR _c20071224 _gpsbo |
|
| 801 | 0 |
_aRU _bRuMoRGB _c20071224 _2psbo |
|
| 801 | 1 |
_aRU _bProSoft-M _c20071224 _2rusmarc |
|
| 801 | 2 |
_aRU _bNLR _c20080320 _2rusmarc |
|
| 852 |
_aNLR _j38.66.7.65 |
||
| 942 | _cBOOK | ||
| 980 | _aNB | ||